Ozdravovanie vlastníckych vzťahov v družstvách je stále len v začiatočnom štádiu

Bibliographic Details
Main Authors: Chrastinová, Zuzana (Author), Ambrózyová, Margita (Author), Janků, Jana (Author)
Format: Article
Language:Slovak
Subjects:

MARC

LEADER 00000nab a2200000 a 4500
001 vtls000627562
003 SK-MaSNL
005 20260311092946.0
008 160401c1997 xo 0 slo
015 |a SNBRB19rr/mm-uuuuu 
035 |a CL0627701 
040 |a SNKBUCL  |b slo  |c SNKBUCL  |e AACR2 
041 0 |a slo 
044 |a xo  |c SK 
080 |a 347.23:631.115.6(437.6):347.243  |2 1981 
080 |a 631.115.6(437.6)  |2 1981 
080 |a 347.243  |2 1981 
100 1 |a Chrastinová, Zuzana  |4 aut  |9 8799 
245 1 0 |a Ozdravovanie vlastníckych vzťahov v družstvách je stále len v začiatočnom štádiu  |c Zuzana Chrastinová, Margita Ambrózyová, Jana Janků 
650 0 7 |a družstvá poľnohospodárske  |2 snkbucl  |9 309557 
650 0 7 |a vlastnícke vzťahy  |2 snkbucl  |9 66623 
655 7 |a články z novín a časopisov  |2 snkbucl  |9 267496 
700 1 |a Ambrózyová, Margita  |4 aut  |9 1634617 
700 1 |a Janků, Jana  |4 aut  |9 649096 
773 0 |t Trend  |g Č. 26 (1997), s. 9A 
850 |a Slovenská národná knižnica v Martine  |a MTA001 
852 |a SNK  |b KIS3GCP 
958 |a SK 
958 |a RK 
958 |a RBX 
999 |c 1431007  |d 1432937